000
00302nam a22001457a 4500
003
SGT
082
_a
340,KAT
100
_a
KATIYAR,B.B
245
_a
LAW OF EASEMENTS AND LICENCES
250
_a
14TH
260
_a
NEW DELHI
_b
UNIVERSAL BOOKS
_c
2012
300
_a
1091
650
_a
LAW
942
_2
ddc
_c
BK
999
_c
9775
_d
9775